Computers in medicine : (Record no. 67937)

MARC details
000 -LEADER
fixed length control field 00604nam a22001577a 4500
005 - DATE AND TIME OF LATEST TRANSACTION
control field 20120614151532.0
020 ## - INTERNATIONAL STANDARD BOOK NUMBER
International Standard Book Number 0070585350
Terms of availability 00
035 ## - SYSTEM CONTROL NUMBER
System control number B-189814
037 ## - SOURCE OF ACQUISITION
Stock number DPL
Source of stock number/acquisition ENG
100 ## - MAIN ENTRY--PERSONAL NAME
Personal name Lele, Ramchandra
245 ## - TITLE STATEMENT
Title Computers in medicine :
Remainder of title Progress in medical informatics /
Statement of responsibility, etc by Ramchandra Lele
260 ## - PUBLICATION, DISTRIBUTION, ETC. (IMPRINT)
Place of publication, distribution, etc New Delhi
Name of publisher, distributor, etc Tata McGraw-Hill Publishing Company
Date of publication, distribution, etc 2006
300 ## - PHYSICAL DESCRIPTION
Extent xxv, 651p.
Dimensions 22 cms.
942 ## - ADDED ENTRY ELEMENTS (KOHA)
Source of classification or shelving scheme Dewey Decimal Classification
Item type English Books
Classification part 362.1
Call number suffix LEL
Holdings
Withdrawn status Lost status Not for loan Collection code Home library Current library Date acquired Cost, normal purchase price Full call number Barcode Cost, replacement price Koha item type
      Non-fiction Sarojini Nagar Sarojini Nagar 14/06/2012 0.00 362.1 LEL B-189814 0.00 English Books

© Delhi Public Library
Hit Counter
free hit counter